000 01032nam a2200325 a 4500
001 000041133
003 DO-SdBNP
005 20250416131614.0
007 ta
008 130919s2013 dr 000 0 spa d
020 _a9945111507
040 _aDO-SdBNP
_bspa
_cBNPHU
_erda
041 _hspa
082 4 _aRD863.44
_bM648v
_222
100 1 _aMiller, Jeannette,
_d1944-
_983484
_eautora
245 1 3 _aLa vida es otra cosa /
_cJeannette Miller.
250 _aSexta edición
264 1 _aSanto Domingo :
_bAlfaguara,
_c2013.
300 _a238 páginas ;
_c24 cm.
336 _2rdacontent
_atexto
_btxt
337 _2rdamedia
_asin mediación
_bn
338 _2rdacarrier
_avolumen
_bnc
500 _aIncluye datos biográficos del autor en la solapa de la cubierta
586 _aFinalista premio internacional de novela Casa de Teatro 2005
590 _aInventariado, 2023 / DG
650 0 _aNovela dominicana
_9223
650 4 _aLiteratura dominicana
910 _aDG/Validado. Control de Calidad/MAA
942 _2ddc
_cLBS1
999 _c53159
_d53159